Estadísticas para Los fichajes más caros del fútbol - Futbolistas checos

Haz click aquí para intentar la prueba.

Estadísticas generales

  • Esta prueba ha sido intentada 24 veces
  • La puntuación promedio es 6 de 10

Estadísticas de respuestas

Coste (M €)TemporadaÚltimo clubNuevo clubJugador% Correcto
45,002001-2002LazioJuventusPavel Nedved
100%
14,002015-2016ChelseaArsenalPetr Cech
79%
13,002004-2005Stade RennesChelseaPetr Cech
79%
42,002018-2019SampdoriaAS RomaPatrik Schick
75%
26,502020-2021AS RomaBayer LeverkusenPatrik Schick
75%
16,202020-2021Slavia PragaWest HamTomas Soucek
75%
14,502000-2001Sparta PragaBorussia DortmundTomas Rosicky
58%
13,002022-2023Sparta PragaBayer LeverkusenAdam Hlozek
38%
14,002023-2024Slavia PragaBenficaDavid Jurásek
13%
14,502019-2020Udinese CalcioSampdoriaJakub Jankto
8%

Distribución de puntuación

Porcentaje por número respondido

Porcentaje de gente con cada puntuación

Historial de tus puntuaciones

No has intentado esta prueba.